Crossing thresholds (Record no. 6279)

MARC details
000 -LEADER
fixed length control field 00824 a2200217 4500
005 - DATE AND TIME OF LATEST TRANSACTION
control field 20080826172456.0
008 - FIXED-LENGTH DATA ELEMENTS--GENERAL INFORMATION
fixed length control field 080826t xxu||||| |||| 00| 0 eng d
010 ## - LIBRARY OF CONGRESS CONTROL NUMBER
LC control number ENG-87245
020 ## - INTERNATIONAL STANDARD BOOK NUMBER
International Standard Book Number 817824182X
Terms of availability 695.00
035 ## - SYSTEM CONTROL NUMBER
System control number EN-70778
037 ## - SOURCE OF ACQUISITION
Source of stock number/acquisition DBAD / PUB
082 ## - DEWEY DECIMAL CLASSIFICATION NUMBER
Classification number 305.42
100 ## - MAIN ENTRY--PERSONAL NAME
Personal name Kosambi, Meera
245 ## - TITLE STATEMENT
Title Crossing thresholds
Remainder of title feminist essays in social history
Statement of responsibility, etc by Meera Kosambi
260 ## - PUBLICATION, DISTRIBUTION, ETC. (IMPRINT)
Place of publication, distribution, etc Ranikhet
Name of publisher, distributor, etc Permanent Black
Date of publication, distribution, etc 2007
270 ## - ADDRESS
Address `Himalayana', Mall Road, Ranikhet Cantt.,
City Ranikhet
Postal code 263 645
300 ## - PHYSICAL DESCRIPTION
Extent xvii, 397p.
Dimensions 21cm (Hb )
500 ## - GENERAL NOTE
General note Includes index
942 ## - ADDED ENTRY ELEMENTS (KOHA)
Institution code [OBSOLETE] dpl
Koha item type English Books
Call number prefix 305.42 / KOS
Source of classification or shelving scheme Dewey Decimal Classification
Classification part 305.42
Call number suffix KOS
Holdings
Withdrawn status Lost status Damaged status Not for loan Home library Current library Date acquired Cost, normal purchase price Total Checkouts Full call number Barcode Date last seen Copy number Uniform Resource Identifier Cost, replacement price Price effective from Koha item type
        D.B.Act.Division D.B.Act.Division 26/08/2008 695.00   305.42 KOS EN-70778 15/09/2008 1 6759 695.00 15/09/2008 English Books

© Delhi Public Library
Hit Counter
free hit counter